Entry Nombre personal
001 - NÚMERO DE CONTROL
- campo de control: 118562
003 - IDENTIFICADOR DE NÚMERO DE CONTROL
- campo de control: SpMaBN
005 - FECHA Y HORA DE LA ÚLTIMA TRANSACCIÓN
- campo de control: 20231025190648.0
008 - ELEMENTOS DE DATO DE LONGITUD-FIJA
- campo de control de longitud fija: 901120n| aijnnaabn a aaa
016 ## - NÚMERO DE CONTROL DE UNA AGENCIA BIBLIOGRÁFICA NACIONAL
- Número de control del registro: BNE19900207728
024 8# - IDENTIFICADOR DE OTROS ESTÁNDARES
- Número estándar o código: https://data.cervantesvirtual.com/person/36467
024 7# - IDENTIFICADOR DE OTROS ESTÁNDARES
- Número estándar o código: http://viaf.org/viaf/19685936/
- Fuente: viaf
024 7# - IDENTIFICADOR DE OTROS ESTÁNDARES
- Número estándar o código: https://isni.org/isni/000000012099475X
- Fuente: isni
024 7# - IDENTIFICADOR DE OTROS ESTÁNDARES
- Número estándar o código: http://www.wikidata.org/entity/Q78491
- Fuente: wikidata
040 ## - FUENTE DE CATALOGACIÓN
- Centro catalogador/agencia de origen: SpMaBN
- Lengua de catalogación: spa
- Centro/agencia transcriptor: SpMaBN
- Normas de descripción: rdc
- Convención/Normas de encabezamiento de materia/tesauro: embne
046 ## - FECHAS CON CODIFICACIÓN ESPECIAL
- Fecha de nacimiento: 1881
- Fecha de la muerte: 1942
100 1# - ENCABEZAMIENTO-NOMBRE DE PERSONA
- Nombre de persona: Zweig, Stefan,
- Fechas asociadas al nombre: 1881-1942
370 ## - LUGAR ASOCIADO
- Lugar de nacimiento: Austria, Viena
370 ## - LUGAR ASOCIADO
- Lugar de fallecimiento: Brasil, Río de Janeiro (Estado), Petrópolis
374 ## - OCUPACIÓN
- Ocupación: Novelistas
- Ocupación: Historiadores
- Ocupación: Críticos literarios
- Ocupación: Poetas
- Ocupación: Dramaturgos
- Ocupación: Periodistas
- Ocupación: Traductores
- Ocupación: Escritores
375 ## - GÉNERO/SEXO
- Género: Masculino
377 ## - IDIOMA ASOCIADO
- Término de lengua/lenguaje: Alemán
400 1# - TRAZADO DE VÉASE--NOMBRE DE PERSONA
- Nombre de persona: Sweig, Stefan,
- Fechas asociadas al nombre: 1881-1942
400 1# - TRAZADO DE VÉASE--NOMBRE DE PERSONA
- Nombre de persona: Tsveïg, Stefan,
- Fechas asociadas al nombre: 1881-1942
400 1# - TRAZADO DE VÉASE--NOMBRE DE PERSONA
- Nombre de persona: Zweig, Stephan,
- Fechas asociadas al nombre: 1881-1942
670 ## - FUENTE DE DATOS ENCONTRADOS
- Cita de la fuente: La lucha contra el demonio, 1999
- Información encontrada: port. (Stefan Zweig) solapa (n. 1881, Viena, m. 1942, Petrópolis, Brasil; novelista, ensayista y biógrafo)
670 ## - FUENTE DE DATOS ENCONTRADOS
- Cita de la fuente: Mariia Stiuart, 1959
- Información encontrada: port. (Stefan Tsweïg)
670 ## - FUENTE DE DATOS ENCONTRADOS
- Cita de la fuente: Nazismo y marxismo, 1964
- Información encontrada: port. (Stefan Sweig)
670 ## - FUENTE DE DATOS ENCONTRADOS
- Cita de la fuente: Triunfo y tragedia de Erasmo de Rotterdam, 1986
- Información encontrada: port. (Stephan Zweig)
670 ## - FUENTE DE DATOS ENCONTRADOS
- Cita de la fuente: WWW DDB OPAC, 23-5-2000
- Información encontrada: (Zweig, Stefan (1881-1942))
670 ## - FUENTE DE DATOS ENCONTRADOS
- Cita de la fuente: Dic. de escritores célebres, 1995
- Información encontrada: (Zweig, Stefan; escritor austriaco (1881-1942))
